Statistics for Dutch Highways

Click here to take the quiz!

General Stats

  • This quiz has been taken 12 times
  • The average score is 19 of 43

Answer Stats

HintAnswer% Correct
Amsterdam - Belgium border (Liege)A2
92%
Amsterdam - German borderA1
83%
Amsterdam - Amsterdam (Ring)A10
83%
Amsterdam - HoofddorpA5
75%
Zwolle - EindhovenA50
75%
Zaanstad - AmsterdamA8
75%
Den Haag - German borderA12
67%
Den Haag - RotterdamA13
67%
Maasvlakte - BemmelA15
67%
Almere - BredaA27
67%
Groningen - UtrechtA28
67%
Amsterdam - Belgium border (Antwerp)A4
67%
Rotterdam - Belgium borderA16
58%
Nieuw-Vennep - WassenaarA44
58%
Alkmaar - DiemenA9
58%
Moerdijk - RoosendaalA17
50%
Maassluis - GoudaA20
50%
Barneveld - EdeA30
50%
Vlissingen - EindhovenA58
50%
Knooppunt Ridderkerk - RidderkerkA38
42%
Knooppunt Hellegatsplein - OssA59
42%
Belgium border - German border (past Eindhoven & Venlo)A67
42%
Zaanstad - German borderA7
42%
Rotterdam - Knooppunt SabinaA29
33%
Leeuwarden - MeppelA32
33%
Tilburg - Berkel-Enschot & Vught - Knooppunt VughtA65
33%
Nijmegen - Knooppunt Het VonderenA73
33%
Venlo - German borderA74
33%
Maastricht - HeerlenA79
33%
Haarlem - ZwanenburgA200
25%
Beverwijk - IJmuidenA22
25%
Harlingen - LeeuwardenA31
25%
Arnhem - Knooppunt RessenA325
25%
Arnhem - DierenA348
25%
Wierden - EnschedeA35
25%
Hoogeveen - German borderA37
25%
Joure - Knooppunt MuiderbergA6
25%
Belgium border - German border (past Geleen & Heerlen)A76
25%
Boxmeer - German borderA77
25%
Zevenaar - VarsseveldA18
17%
Knooppunt Bankhoef - WijchenA326
17%
Goes - Knooppunt De PoelA256
8%
Eindhoven - HelmondA270
8%

Score Distribution

Percentile by Number Answered

Percent of People with Each Score

Your Score History

You have not taken this quiz